A világ legszebb lovai

Elmentve itt :
Bibliográfiai részletek
Szerző: Sulyok Erzsébet
Dokumentumtípus: Cikk
Megjelent: 1981-06-12
Sorozat:Délmagyarország 71 No. 136
Kulcsszavak:Simai Mihály
Online Access:http://dmarchiv.bibl.u-szeged.hu/99626
LEADER 00446nab a2200157 i 4500
001 delm99626
005 20190618091753.0
008 190618s1981 hu o 0|| hun d
040 |a SZTE Délmagyarország Archívum  |b hun 
041 |a hun 
100 1 |a Sulyok Erzsébet 
245 1 2 |a A világ legszebb lovai  |h [elektronikus dokumentum] /  |c  Sulyok Erzsébet 
260 |c 1981-06-12 
300 |a 5 
490 0 |a Délmagyarország  |v 71 No. 136 
695 |a Simai Mihály